000 01128nam a22002295i 4500
001 156391
003 ES-MaACL
005 20230906210410.0
008 951211s1794 sp |||| | spa d
040 _aEUS
_bspa
_cEUS
100 1 _aJoinville, Jean de.
_9128331
245 1 0 _aCrónica de San Luis, Rey de Francia, nieto del Rey D. Alfonso el VIII de Castilla /
_ccompuesta en francés por el señor de Joinville ; traducida al castellano ... por Jacques Ledel ... ; impresa en Toledo por Francisco de Guzmán en el año de 1567 y ahora nuevamente publicada con un discurso preliminar y varias notas ... por Josef Cornide de Saavedra.
260 _aEn Madrid :
_ben la imprenta de Sancha,
_c1794.
300 _a[2], LXIV, 423 p., [1] h. de grab., [1] h. de map. pleg. :
_bgrab. ;
_c4º.
597 1 _aSign.: a-h4, i2, A-Z4, 2A-2Z4, 3A-3G4.
599 1 _aGrab. calc.: "J. Ximeno f.ts"
600 1 4 _aLuis
_bIX
_cRey de Francia, Santo.
_9156697
700 1 _aLedel, Jacques.
_9128829
700 1 _aCornide, José (
_d1734-1803)
_9126585
852 _aES-MaACL
_jR-835
_z-- Enc. hol.
_xOlim: G-733
999 _c156391
_d156391